Statistical analysis for business and economics. / (Record no. 8451)

MARC details
000 -LEADER
fixed length control field 01571pam a2200301 a 4500
001 - CONTROL NUMBER
control field 4733123
003 - CONTROL NUMBER IDENTIFIER
control field OSt
005 - DATE AND TIME OF LATEST TRANSACTION
control field 20220120115722.0
008 - FIXED-LENGTH DATA ELEMENTS--GENERAL INFORMATION
fixed length control field 840809s1985 maua b 001 0 eng
010 ## - LIBRARY OF CONGRESS CONTROL NUMBER
LC control number 84018502
020 ## - INTERNATIONAL STANDARD BOOK NUMBER
International Standard Book Number 0201601788
040 ## - CATALOGING SOURCE
Original cataloging agency DLC
Transcribing agency DLC
Modifying agency DLC
050 00 - LIBRARY OF CONGRESS CALL NUMBER
Classification number HB137.H37
082 00 - DEWEY DECIMAL CLASSIFICATION NUMBER
Classification number 519.5/024658
Edition number 19
100 1# - MAIN ENTRY--PERSONAL NAME
Personal name Harnett, Donald L.
245 10 - TITLE STATEMENT
Title Statistical analysis for business and economics. /
Statement of responsibility, etc. Donald L. Harnett, James L. Murphy.
250 ## - EDITION STATEMENT
Edition statement First Canadian ed..
260 ## - PUBLICATION, DISTRIBUTION, ETC.
Place of publication, distribution, etc. Reading, Mass. :
Name of publisher, distributor, etc. Addison-Wesley,
Date of publication, distribution, etc. 1993.
300 ## - PHYSICAL DESCRIPTION
Extent xvi, 951 p. :
Other physical details ill. ;
Dimensions 24 cm.
504 ## - BIBLIOGRAPHY, ETC. NOTE
Bibliography, etc. note Includes bibliography and index.
505 ## - FORMATTED CONTENTS NOTE
Formatted contents note Contents: Introduction and descriptive statistics -- Summary measures for populations -- Probability theory: discrete sample spaces -- Discrete random variables and expectations -- Discrete probability distributions -- Probability theory: continuous random variables -- Sampling and sampling distributions -- Quality control -- Estimation -- Hypothesis testing: one-sampling tests -- Hypothesis testing: multi-sample tests -- Analysis of variance -- Simple regression and correlation -- Multiple regression and correlation analysis -- Econometric analysis -- Time series and index numbers -- Statistical decision theory -- Nonparametric statistics -- Linear programming --
650 #0 - SUBJECT ADDED ENTRY--TOPICAL TERM
Topical term or geographic name entry element Economics
General subdivision Statistical methods.
650 #0 - SUBJECT ADDED ENTRY--TOPICAL TERM
Topical term or geographic name entry element Commercial statistics.
650 #0 - SUBJECT ADDED ENTRY--TOPICAL TERM
Topical term or geographic name entry element Statistics.
700 1# - ADDED ENTRY--PERSONAL NAME
Personal name Murphy, James L.,
Dates associated with a name 1939-
906 ## - LOCAL DATA ELEMENT F, LDF (RLIN)
a 7
b cbc
c orignew
d 1
e ocip
f 19
g y-gencatlg
942 ## - ADDED ENTRY ELEMENTS (KOHA)
Source of classification or shelving scheme Library of Congress Classification
Koha item type Books
Holdings
Withdrawn status Lost status Source of classification or shelving scheme Damaged status Not for loan Home library Current library Shelving location Date acquired Source of acquisition Full call number Barcode Date last seen Price effective from Koha item type
    Library of Congress Classification     WISCONSIN INTERNATIONAL UNIVERSITY COLLEGE, GHANA KUMASI LIBRARY WISCONSIN INTERNATIONAL UNIVERSITY COLLEGE, GHANA KUMASI LIBRARY General Stacks 23/10/2019 STM HB137.H37 K/339/339/19 20/01/2022 20/01/2022 Books

If you have any concerns or questions; kindly contact the library


© Powered by WIUC ICT DIRECTORATE